[Event "Budapest FS08 IM-C"]
[Site "Budapest"]
[Date "2005.08.14"]
[Round "9"]
[White "Vasvari, Tamas"]
[Black "Cuenca Jimenez, Jose Fernando"]
[Result "0-1"]
[WhiteElo "2203"]
[BlackElo "2351"]
[PlyCount "50"]
[EventDate "2005.08.06"]
[EventType "tourn"]
[EventRounds "11"]
[EventCountry "HUN"]
[EventCategory "2"]
[SourceTitle "CBM 107 Extra"]
[Source "ChessBase"]
[SourceDate "2005.09.01"]
[SourceVersion "1"]
[SourceVersionDate "2005.09.01"]
[SourceQuality "1"]

1. e4 c5 2. Nf3 g6 3. Nc3 Bg7 4. g3 Nc6 5. Bg2 d6 6. d3 Nf6 7. Be3 O-O 8. O-O
e5 9. Qc1 Nd4 10. Ne1 Rb8 11. Kh1 b5 12. Nd1 Ng4 13. c3 Nxe3 14. Nxe3 Ne6 15.
Bh3 Bb7 16. Bxe6 fxe6 17. Qc2 d5 18. Nd1 c4 19. dxc4 bxc4 20. b3 Qc7 21. bxc4
Qxc4 22. Ne3 Qc6 23. Rc1 d4 24. cxd4 Qxc2 25. N3xc2 Bxe4+ 0-1

[Event "Budapest FS08 IM-C"]
[Site "Budapest"]
[Date "2005.08.15"]
[Round "10"]
[White "Cuenca Jimenez, Jose Fernando"]
[Black "Aguettaz, Maxime"]
[Result "1-0"]
[WhiteElo "2351"]
[BlackElo "2347"]
[PlyCount "47"]
[EventDate "2005.08.06"]
[EventType "tourn"]
[EventRounds "11"]
[EventCountry "HUN"]
[EventCategory "2"]
[SourceTitle "CBM 107 Extra"]
[Source "ChessBase"]
[SourceDate "2005.09.01"]
[SourceVersion "1"]
[SourceVersionDate "2005.09.01"]
[SourceQuality "1"]

1. e4 c5 2. Nf3 Nc6 3. d4 cxd4 4. Nxd4 Nf6 5. Nc3 e5 6. Ndb5 d6 7. Bg5 a6 8.
Na3 b5 9. Bxf6 gxf6 10. Nd5 f5 11. g3 fxe4 12. Bg2 Be6 13. Bxe4 Bg7 14. Qh5 Rc8
15. O-O Ne7 16. Nxe7 Qxe7 17. Rad1 b4 18. Nb1 Rc5 19. c3 b3 20. axb3 Bxb3 21.
Rc1 d5 22. Bf5 Rc6 23. Nd2 Ba4 24. Qg4 1-0

[Event "Budapest FS08 IM-C"]
[Site "Budapest"]
[Date "2005.08.16"]
[Round "11"]
[White "Torma, Robert"]
[Black "Cuenca Jimenez, Jose Fernando"]
[Result "1/2-1/2"]
[WhiteElo "2272"]
[BlackElo "2351"]
[PlyCount "44"]
[EventDate "2005.08.06"]
[EventType "tourn"]
[EventRounds "11"]
[EventCountry "HUN"]
[EventCategory "2"]
[SourceTitle "CBM 107 Extra"]
[Source "ChessBase"]
[SourceDate "2005.09.01"]
[SourceVersion "1"]
[SourceVersionDate "2005.09.01"]
[SourceQuality "1"]

1. e4 c5 2. Nf3 g6 3. c4 Bg7 4. d4 cxd4 5. Nxd4 Nc6 6. Be3 Nf6 7. Nc3 O-O 8.
Be2 d6 9. O-O Bd7 10. Qd2 Nxd4 11. Bxd4 Bc6 12. f3 a5 13. b3 Nd7 14. Be3 Nc5
15. Rab1 Be5 16. Rfc1 e6 17. Bf4 Qe7 18. Rd1 Rfd8 19. Qe3 Bxf4 20. Qxf4 e5 21.
Qd2 Ne6 22. Bd3 Qc7 1/2-1/2

[Event "Albacete op 13th"]
[Site "Albacete"]
[Date "2005.09.02"]
[Round "3"]
[White "Cuenca Jimenez, Jose Fernando"]
[Black "Movsziszian, Karen"]
[Result "0-1"]
[WhiteElo "2351"]
[BlackElo "2439"]
[PlyCount "76"]
[EventDate "2005.09.01"]
[EventType "swiss"]
[EventRounds "9"]
[EventCountry "ESP"]
[SourceTitle "CBM 108 Extra"]
[Source "ChessBase"]
[SourceDate "2005.11.04"]
[SourceVersion "1"]
[SourceVersionDate "2005.11.04"]
[SourceQuality "1"]

1. c4 g6 2. Nc3 Bg7 3. g3 e5 4. Bg2 d6 5. d3 c6 6. e4 Na6 7. Nge2 Be6 8. b3 Ne7
9. O-O O-O 10. d4 Qa5 11. d5 cxd5 12. exd5 Bg4 13. Na4 Bxe2 14. Qxe2 Nf5 15.
Qd2 Qd8 16. Bh3 Nc5 17. Bxf5 gxf5 18. Bb2 a6 19. Nc3 Rc8 20. f4 e4 21. Nd1 Nd3
22. Bxg7 Kxg7 23. Ne3 Qf6 24. Kh1 h5 25. Rab1 b5 26. Qg2 bxc4 27. bxc4 Rb8 28.
Rb3 Kg6 29. Qh3 Rxb3 30. axb3 Rb8 31. Ng2 Nf2+ 32. Rxf2 Qa1+ 33. Ne1 Qxe1+ 34.
Qf1 Qc3 35. Ra2 Rxb3 36. Rxa6 Kg7 37. Ra1 Rb2 38. Qg1 e3 0-1

[Event "Albacete op 13th"]
[Site "Albacete"]
[Date "2005.09.03"]
[Round "4"]
[White "Cuenca Jimenez, Francisco Javier"]
[Black "Cuenca Jimenez, Jose Fernando"]
[Result "0-1"]
[WhiteElo "2045"]
[BlackElo "2351"]
[PlyCount "118"]
[EventDate "2005.09.01"]
[EventType "swiss"]
[EventRounds "9"]
[EventCountry "ESP"]
[SourceTitle "CBM 108 Extra"]
[Source "ChessBase"]
[SourceDate "2005.11.04"]
[SourceVersion "1"]
[SourceVersionDate "2005.11.04"]
[SourceQuality "1"]

1. g3 e5 2. c4 Nf6 3. Bg2 c6 4. Nf3 e4 5. Nd4 d5 6. cxd5 Qxd5 7. Nc2 Qh5 8. h4
Qg6 9. Nc3 h5 10. Ne3 Bc5 11. Qc2 Bxe3 12. dxe3 Bf5 13. Qb3 b6 14. Qa3 Nfd7 15.
O-O Nc5 16. b4 Ncd7 17. b5 Nc5 18. Rd1 O-O 19. Qb4 Qe6 20. Rb1 cxb5 21. Nxb5
Nc6 22. Qa3 Rad8 23. Nd4 Nxd4 24. exd4 e3 25. Rb2 exf2+ 26. Kxf2 Ne4+ 27. Kg1
Bh3 28. Qf3 Bxg2 29. Kxg2 Rd5 30. Bf4 Rfd8 31. e3 Rc8 32. Be5 Qg6 33. Re1 f6
34. Bf4 Qf5 35. Rh1 Ra5 36. Re2 Qd5 37. g4 hxg4 38. Qxg4 Re8 39. Qf3 Rxa2 40.
Rhe1 Rxe2+ 41. Rxe2 Rc8 42. h5 b5 43. Kh2 Nc3 44. Qh3 Nxe2 45. Qxc8+ Kh7 46.
Qc2+ Kg8 47. Qxe2 b4 48. h6 g5 49. Qh5 Kh7 50. Bg3 b3 51. Qe8 Kxh6 52. Qh8+ Kg6
53. Qe8+ Kg7 54. Qe7+ Qf7 55. Qa3 Qh5+ 56. Kg2 Qe2+ 57. Kh3 g4+ 58. Kh4 Qxe3
59. Qxa7+ Kg6 0-1

[Event "Albacete op 13th"]
[Site "Albacete"]
[Date "2005.09.04"]
[Round "5"]
[White "Cuenca Jimenez, Jose Fernando"]
[Black "Rodriguez Guerrero, Enrique"]
[Result "1/2-1/2"]
[WhiteElo "2351"]
[BlackElo "2467"]
[PlyCount "90"]
[EventDate "2005.09.01"]
[EventType "swiss"]
[EventRounds "9"]
[EventCountry "ESP"]
[SourceTitle "CBM 108 Extra"]
[Source "ChessBase"]
[SourceDate "2005.11.04"]
[SourceVersion "1"]
[SourceVersionDate "2005.11.04"]
[SourceQuality "1"]

1. c4 Nf6 2. Nc3 e5 3. g3 Bb4 4. Bg2 O-O 5. Nf3 Nc6 6. O-O e4 7. Ne1 Bxc3 8.
dxc3 Re8 9. Nc2 h6 10. Ne3 d6 11. f3 exf3 12. exf3 a5 13. Qc2 Bd7 14. f4 Qb8
15. Nd5 Nxd5 16. cxd5 Qa7+ 17. Qf2 Qxf2+ 18. Kxf2 Ne7 19. Re1 Kf8 20. Bd2 Ng8
21. c4 a4 22. Rac1 b6 23. Bc3 Bf5 24. Bf3 Rxe1 25. Kxe1 Re8+ 26. Kd2 Bd7 27.
Re1 Ra8 28. Bd4 f6 29. Kc3 Ne7 30. Kb4 Rb8 31. Bf2 Kf7 32. Bd1 b5 33. b3 axb3
34. Bxb3 c5+ 35. dxc6 Nxc6+ 36. Kc3 b4+ 37. Kb2 Be6 38. Rd1 Na5 39. Rd4 Ke7 40.
Be1 f5 41. Bd2 Nc6 42. Rd3 Na5 43. Rd4 Nc6 44. Rd3 Na5 45. Rd4 Nc6 1/2-1/2

[Event "Albacete op 13th"]
[Site "Albacete"]
[Date "2005.09.04"]
[Round "6"]
[White "Cuenca Jimenez, Jose Fernando"]
[Black "Gomez Baillo, Jorge H"]
[Result "1/2-1/2"]
[WhiteElo "2351"]
[BlackElo "2422"]
[PlyCount "77"]
[EventDate "2005.09.01"]
[EventType "swiss"]
[EventRounds "9"]
[EventCountry "ESP"]
[SourceTitle "CBM 108 Extra"]
[Source "ChessBase"]
[SourceDate "2005.11.04"]
[SourceVersion "1"]
[SourceVersionDate "2005.11.04"]
[SourceQuality "1"]

1. e4 c6 2. c4 d5 3. exd5 cxd5 4. cxd5 Qxd5 5. Nc3 Qd6 6. Nf3 Nf6 7. Bc4 e6 8.
O-O Be7 9. d4 O-O 10. Re1 Rd8 11. Nb5 Qb6 12. Bf4 Na6 13. a4 Nd5 14. Ne5 Bb4
15. Bd2 Qa5 16. Bxb4 Naxb4 17. Qd2 a6 18. Ra3 Nc6 19. Qc1 Nb6 20. Bf1 Nxe5 21.
Rxe5 axb5 22. Rxb5 Qa7 23. Qc7 Bd7 24. Rxb6 Bc6 25. a5 Rd7 26. Qg3 Rxd4 27. b4
Rd1 28. Rd3 Rb1 29. Qc7 Qb8 30. Qxb8+ Rxb8 31. a6 g6 32. Rc3 Bd5 33. Rc7 Kf8
34. b5 Ra8 35. f3 bxa6 36. Rxa6 Rb8 37. Kf2 Rb2+ 38. Kg3 Rb1 39. Be2 1/2-1/2

[Event "Albacete op 13th"]
[Site "Albacete"]
[Date "2005.09.05"]
[Round "7"]
[White "Vera Gonzalez Quevedo, Reynaldo"]
[Black "Cuenca Jimenez, Jose Fernando"]
[Result "1-0"]
[WhiteElo "2490"]
[BlackElo "2351"]
[PlyCount "47"]
[EventDate "2005.09.01"]
[EventType "swiss"]
[EventRounds "9"]
[EventCountry "ESP"]
[SourceTitle "CBM 108 Extra"]
[Source "ChessBase"]
[SourceDate "2005.11.04"]
[SourceVersion "1"]
[SourceVersionDate "2005.11.04"]
[SourceQuality "1"]

1. Nf3 Nf6 2. c4 g6 3. Nc3 Bg7 4. e4 d6 5. d4 O-O 6. Be2 e5 7. O-O Na6 8. Be3
Ng4 9. Bg5 Qe8 10. c5 h6 11. Bh4 g5 12. Bg3 exd4 13. Nd5 c6 14. Bxd6 cxd5 15.
exd5 b6 16. Nxd4 Ne3 17. fxe3 Qxe3+ 18. Kh1 Qxd4 19. Qxd4 Bxd4 20. Bxf8 Kxf8
21. c6 Bc5 22. Rad1 Ke7 23. d6+ Bxd6 24. Bxa6 1-0

[Event "Albacete op 13th"]
[Site "Albacete"]
[Date "2005.09.07"]
[Round "9"]
[White "Cuenca Jimenez, Jose Fernando"]
[Black "Garcia Molina, Francisco Miguel"]
[Result "1-0"]
[WhiteElo "2351"]
[BlackElo "2042"]
[PlyCount "99"]
[EventDate "2005.09.01"]
[EventType "swiss"]
[EventRounds "9"]
[EventCountry "ESP"]
[SourceTitle "CBM 108 Extra"]
[Source "ChessBase"]
[SourceDate "2005.11.04"]
[SourceVersion "1"]
[SourceVersionDate "2005.11.04"]
[SourceQuality "1"]

1. c4 e5 2. g3 Nc6 3. Bg2 g6 4. Nc3 Bg7 5. e4 d6 6. Nge2 f5 7. d3 Nf6 8. O-O
O-O 9. Nd5 Be6 10. Bg5 Ne7 11. b3 c6 12. Nxf6+ Bxf6 13. Bxf6 Rxf6 14. exf5 gxf5
15. f4 Qc7 16. Qd2 Rd8 17. Rae1 Ng6 18. Kh1 Qg7 19. Qe3 Rff8 20. a4 a6 21. b4
Kh8 22. Qb6 d5 23. c5 e4 24. d4 Rc8 25. b5 axb5 26. axb5 Qc7 27. Qxc7 Rxc7 28.
b6 Rcc8 29. Ra1 Ra8 30. Kg1 Ne7 31. Rfb1 Kg7 32. Ra7 Rfb8 33. Rba1 Rxa7 34.
Rxa7 Nc8 35. Ra1 Ne7 36. Kf2 Kf6 37. Nc3 Bf7 38. Nd1 h5 39. Ne3 Be6 40. Bf1 Kg6
41. Be2 Ng8 42. Ra7 Nf6 43. Kg2 Bd7 44. Nc2 Kh6 45. Na1 Ne8 46. Nb3 Ng7 47. Na5
Bc8 48. Ba6 bxa6 49. Nxc6 Rb7 50. Ne7 1-0

[Event "ESP-ch U18"]
[Site "Mondariz"]
[Date "2005.09.27"]
[Round "1"]
[White "Cuenca Jimenez, Jose Fernando"]
[Black "Pena Dieguez, Manuel"]
[Result "0-1"]
[WhiteElo "2045"]
[BlackElo "2041"]
[PlyCount "57"]
[EventDate "2005.09.27"]
[EventType "swiss"]
[EventRounds "9"]
[EventCountry "ESP"]
[SourceTitle "CBM 108 Extra"]
[Source "ChessBase"]
[SourceDate "2005.11.04"]
[SourceVersion "1"]
[SourceVersionDate "2005.11.04"]
[SourceQuality "1"]

1. c4 e5 2. g3 Nf6 3. Bg2 d5 4. cxd5 Nxd5 5. Nc3 Nb6 6. d3 Be7 7. Be3 O-O 8.
Rc1 Nc6 9. Bxc6 bxc6 10. Nf3 f6 11. Qb3+ Nd5 12. Ne4 Be6 13. Rxc6 Bf7 14. Bc5
Qe8 15. Ra6 Rb8 16. Qa3 Nb4 17. O-O Bxc5 18. Nxc5 Nxa6 19. Nxa6 Rb6 20. b3 e4
21. dxe4 Qxe4 22. Nc5 Qxe2 23. Nd7 Rd8 24. Nd4 Ra6 25. Qb4 Qe8 26. Nc5 Rb6 27.
Qc3 Qe5 28. Rd1 Rbd6 29. Qc2 0-1

[Event "ESP-ch U18"]
[Site "Mondariz"]
[Date "2005.09.28"]
[Round "2"]
[White "Almeida Toledano, Daniel"]
[Black "Cuenca Jimenez, Jose Fernando"]
[Result "0-1"]
[WhiteElo "2163"]
[BlackElo "2351"]
[PlyCount "102"]
[EventDate "2005.09.27"]
[EventType "swiss"]
[EventRounds "9"]
[EventCountry "ESP"]
[SourceTitle "CBM 108 Extra"]
[Source "ChessBase"]
[SourceDate "2005.11.04"]
[SourceVersion "1"]
[SourceVersionDate "2005.11.04"]
[SourceQuality "1"]

1. e4 e6 2. d4 d5 3. Nd2 Nc6 4. Ngf3 Nf6 5. e5 Nd7 6. Bb5 a6 7. Ba4 b5 8. Bb3
Na5 9. O-O Be7 10. Re1 c5 11. c3 Nxb3 12. axb3 O-O 13. dxc5 Nxc5 14. Nd4 Bd7
15. Qe2 Qb8 16. b4 Na4 17. N2f3 a5 18. bxa5 Rxa5 19. Bg5 Bxg5 20. Nxg5 h6 21.
Ngf3 Ra8 22. Qd2 Nc5 23. Qd1 Qb6 24. Rxa8 Rxa8 25. Nb3 Na4 26. Qd2 Rb8 27. Ra1
Qc7 28. Nbd4 Nc5 29. Ra3 Ne4 30. Qe1 Qb6 31. Qa1 Nc5 32. Ra7 Be8 33. Qa5 Qxa5
34. Rxa5 Na4 35. Kf1 Nxb2 36. Ke2 Rc8 37. Nxb5 Bxb5+ 38. Rxb5 Na4 39. Rb3 Nxc3+
40. Ke3 Ne4 41. Rb2 g5 42. Kd4 Rc1 43. Rb8+ Kg7 44. Ra8 Rc3 45. Ra2 Rb3 46. Ra6
h5 47. Ra7 Rb2 48. Ra1 Kg6 49. h3 h4 50. Ra2 Rb7 51. Re2 Kf5 0-1

[Event "ESP-ch U18"]
[Site "Mondariz"]
[Date "2005.09.28"]
[Round "3"]
[White "Cuenca Jimenez, Jose Fernando"]
[Black "Garrido Dominguez, Jesus"]
[Result "1/2-1/2"]
[WhiteElo "2351"]
[BlackElo "2273"]
[PlyCount "99"]
[EventDate "2005.09.27"]
[EventType "swiss"]
[EventRounds "9"]
[EventCountry "ESP"]
[SourceTitle "CBM 108 Extra"]
[Source "ChessBase"]
[SourceDate "2005.11.04"]
[SourceVersion "1"]
[SourceVersionDate "2005.11.04"]
[SourceQuality "1"]

1. c4 Nf6 2. Nc3 g6 3. g3 Bg7 4. Bg2 O-O 5. d4 d6 6. Nf3 c6 7. O-O Qa5 8. h3 e5
9. d5 cxd5 10. cxd5 b5 11. Nd2 Nbd7 12. Nb3 Qa6 13. a3 Nb6 14. e4 Bd7 15. Re1
Nc4 16. Nd2 Rfb8 17. b3 Nxd2 18. Bxd2 Qc8 19. Rc1 Qa6 20. Nb1 Rc8 21. Be3 Rxc1
22. Qxc1 Rc8 23. Qd2 Ne8 24. Rc1 Rxc1+ 25. Qxc1 Qb7 26. Nd2 a6 27. Bf1 f5 28.
f3 fxe4 29. fxe4 Qb8 30. Qc3 Qd8 31. Kh2 Bf6 32. Nf3 Qc8 33. Qxc8 Bxc8 34. Bb6
Kf7 35. Kg2 g5 36. Ne1 g4 37. hxg4 Be7 38. Nc2 Nf6 39. Bd3 Bxg4 40. Nb4 Bd1 41.
Nxa6 Bxb3 42. Kf2 Ba4 43. Ke2 Nd7 44. Bc7 Ke8 45. Nb4 Nc5 46. Na2 Nxd3 47. Kxd3
Kd7 48. Bb6 Bb3 49. Nc3 Bc4+ 50. Kd2 1/2-1/2

[Event "ESP-ch U18"]
[Site "Mondariz"]
[Date "2005.09.28"]
[Round "3"]
[White "Fidalgo Fernandez, Javier"]
[Black "Cuenca Jimenez, Jose Fernando"]
[Result "1-0"]
[WhiteElo "2166"]
[BlackElo "2045"]
[PlyCount "77"]
[EventDate "2005.09.27"]
[EventType "swiss"]
[EventRounds "9"]
[EventCountry "ESP"]
[SourceTitle "CBM 108 Extra"]
[Source "ChessBase"]
[SourceDate "2005.11.04"]
[SourceVersion "1"]
[SourceVersionDate "2005.11.04"]
[SourceQuality "1"]

1. e4 e6 2. Nf3 d5 3. Nc3 Nf6 4. e5 Nfd7 5. d4 c5 6. dxc5 Bxc5 7. Bd3 Nc6 8.
Bf4 Qb6 9. O-O a6 10. a3 Qc7 11. Re1 b5 12. b4 Be7 13. Qd2 Nb6 14. Ne2 Bd7 15.
Ng3 g6 16. Bg5 Qd8 17. Bxe7 Nxe7 18. Qh6 Qc7 19. Qg7 O-O-O 20. Qxf7 Nc6 21. Qf4
Rdf8 22. Qe3 Rhg8 23. Ne2 h6 24. Ned4 g5 25. Nxc6 Qxc6 26. Nd4 Qc7 27. Nb3 Na4
28. Nc5 Nxc5 29. bxc5 Rf4 30. c3 Ra4 31. Reb1 Qa5 32. Qc1 Qc7 33. Rb4 Qxe5 34.
Rxa4 bxa4 35. Qb2 Qb8 36. Bxa6+ Kc7 37. Qe2 Kc6 38. Bd3 Qa7 39. Bb5+ 1-0

[Event "ESP-ch U18"]
[Site "Mondariz"]
[Date "2005.09.29"]
[Round "4"]
[White "Ivanovich Balsinde, Nicholas Michael"]
[Black "Cuenca Jimenez, Jose Fernando"]
[Result "1/2-1/2"]
[WhiteElo "2117"]
[BlackElo "2351"]
[PlyCount "117"]
[EventDate "2005.09.27"]
[EventType "swiss"]
[EventRounds "9"]
[EventCountry "ESP"]
[SourceTitle "CBM 108 Extra"]
[Source "ChessBase"]
[SourceDate "2005.11.04"]
[SourceVersion "1"]
[SourceVersionDate "2005.11.04"]
[SourceQuality "1"]

1. e4 c5 2. Nf3 Nc6 3. d4 cxd4 4. Nxd4 g6 5. Nc3 Bg7 6. Be3 Nf6 7. Bc4 O-O 8.
Bb3 d6 9. f3 Bd7 10. Qd2 Nxd4 11. Bxd4 b5 12. O-O-O a5 13. Nd5 a4 14. Nxf6+
Bxf6 15. Bd5 Bxd4 16. Qxd4 Rb8 17. e5 e6 18. Be4 d5 19. Bd3 b4 20. h4 Bb5 21.
Kb1 Qc7 22. h5 Rfc8 23. Rc1 a3 24. b3 Rb6 25. hxg6 fxg6 26. Rhe1 Bxd3 27. Qxd3
Rc6 28. Re2 Qb6 29. Rd2 Rc3 30. Qd4 Qb5 31. Rf2 Qb7 32. Rd2 Qb5 33. Rf2 Qc5 34.
Rd2 Re3 35. Qxc5 Rxc5 36. Rd4 Rb5 37. f4 g5 38. Rf1 Kg7 39. Kc1 Kg6 40. Kd2 Rg3
41. Rf2 Kf5 42. fxg5+ Kxe5 43. Rh4 Rb7 44. Rh6 Re7 45. Rh4 d4 46. Rh5 Kd6 47.
Re2 e5 48. Rh6+ Kd5 49. Rb6 Kc5 50. Ra6 Kb5 51. Rd6 Kc5 52. Ra6 Rxg5 53. Ra5+
Kb6 54. Rd5 h5 55. Rd8 Kc5 56. Rc8+ Kd5 57. Rb8 Reg7 58. Rxb4 Rxg2 59. Rb5+
1/2-1/2

[Event "ESP-ch U18"]
[Site "Mondariz"]
[Date "2005.09.29"]
[Round "5"]
[White "Cuenca Jimenez, Jose Fernando"]
[Black "Chalmeta Ugas, Ramon"]
[Result "1-0"]
[WhiteElo "2045"]
[BlackElo "2191"]
[PlyCount "175"]
[EventDate "2005.09.27"]
[EventType "swiss"]
[EventRounds "9"]
[EventCountry "ESP"]
[SourceTitle "CBM 108 Extra"]
[Source "ChessBase"]
[SourceDate "2005.11.04"]
[SourceVersion "1"]
[SourceVersionDate "2005.11.04"]
[SourceQuality "1"]

1. c4 Nf6 2. Nc3 d5 3. cxd5 Nxd5 4. g3 Nxc3 5. bxc3 g6 6. Bg2 Bg7 7. Rb1 Nd7 8.
Nf3 O-O 9. O-O Rb8 10. c4 c5 11. d3 b6 12. Be3 Bb7 13. Qc1 e5 14. Ne1 Re8 15.
Bxb7 Rxb7 16. a4 Qc7 17. Bh6 Bh8 18. e4 Nb8 19. Ng2 Qd7 20. Qd1 Rd8 21. Ne3
Qxd3 22. Nd5 Qxd1 23. Rfxd1 Nc6 24. a5 Bg7 25. Bg5 Rdd7 26. a6 Rb8 27. Ne7+
Rxe7 28. Bxe7 Nxe7 29. Rd7 Nc6 30. Rc7 Na5 31. Rxa7 Nxc4 32. Rb7 Ra8 33. a7 Bf8
34. Rd1 Nd6 35. Rb8 Rxa7 36. Rxd6 Kg7 37. Rdxb6 Ra4 38. f3 c4 39. Rc6 Ra3 40.
Rxc4 Rxf3 41. Rb5 Bd6 42. Rc6 Rf6 43. Rd5 Bb4 44. Rc4 Bd6 45. Kg2 Bb8 46. Rb4
Bc7 47. Rb7 Bd6 48. h3 Kf8 49. Rd7 Bb4 50. Rxe5 Be1 51. Rd1 Bc3 52. Rc5 Bb4 53.
Rc4 Ba5 54. Ra4 Bb6 55. Rf1 Rc6 56. Ra2 Kg7 57. Re2 h5 58. e5 Re6 59. Rf4 g5
60. Rf5 Kg6 61. g4 Bc7 62. Kf3 Ra6 63. Ke4 Ra4+ 64. Kd5 hxg4 65. hxg4 Rxg4 66.
Rf6+ Kg7 67. Ref2 Rf4 68. R2xf4 gxf4 69. Rxf4 Kf8 70. Ke4 Ke7 71. Kf5 Kf8 72.
Ra4 Bb6 73. Ra6 Bf2 74. Ra2 Bb6 75. Rb2 Bd8 76. Rb7 Bh4 77. Rb8+ Ke7 78. Rh8
Bg3 79. Rh7 Kf8 80. Kf6 Ke8 81. Rh8+ Kd7 82. Rf8 Bh4+ 83. Kxf7 Bg5 84. e6+ Kd6
85. Rg8 Bh4 86. Rg1 Bd8 87. Rd1+ Kc7 88. Rxd8 1-0

[Event "ESP-ch U18"]
[Site "Mondariz"]
[Date "2005.09.29"]
[Round "5"]
[White "Cuenca Jimenez, Jose Fernando"]
[Black "Hidalgo Duque, Carlos"]
[Result "1-0"]
[WhiteElo "2351"]
[BlackElo "2127"]
[PlyCount "107"]
[EventDate "2005.09.27"]
[EventType "swiss"]
[EventRounds "9"]
[EventCountry "ESP"]
[SourceTitle "CBM 108 Extra"]
[Source "ChessBase"]
[SourceDate "2005.11.04"]
[SourceVersion "1"]
[SourceVersionDate "2005.11.04"]
[SourceQuality "1"]

1. c4 e6 2. g3 d5 3. Bg2 Nf6 4. Nf3 Be7 5. O-O O-O 6. b3 Nbd7 7. Bb2 b6 8. d4
c6 9. Nc3 Ba6 10. Nd2 Rc8 11. e4 dxe4 12. Ndxe4 c5 13. dxc5 Nxc5 14. Nxc5 Bxc5
15. Qe2 Qe7 16. Rad1 Bb7 17. Bxb7 Qxb7 18. Nb5 Rfd8 19. Bxf6 gxf6 20. Nc3 f5
21. Rd3 Rxd3 22. Qxd3 Be7 23. Ne2 Rd8 24. Qc3 Qe4 25. Nf4 Qd4 26. Qf3 Bg5 27.
Nh3 Bf6 28. Re1 Qg4 29. Kg2 Qxf3+ 30. Kxf3 Kf8 31. Ke2 Bc3 32. Rc1 Bb4 33. Rc2
Ke7 34. Nf4 Kd6 35. Nd3 a5 36. Nxb4 axb4 37. Rd2+ Ke7 38. Rxd8 Kxd8 39. Kd3 Ke7
40. Kc2 Kd6 41. Kb2 Kc5 42. a3 bxa3+ 43. Kxa3 e5 44. Kb2 Kd4 45. Kc2 f6 46. Kd2
Ke4 47. b4 Kd4 48. c5 bxc5 49. b5 Kd5 50. Kc3 e4 51. Kb3 c4+ 52. Kb4 Kd4 53. b6
c3 54. b7 1-0

[Event "ESP-ch U18"]
[Site "Mondariz"]
[Date "2005.09.30"]
[Round "6"]
[White "Almeida Toledano, Daniel"]
[Black "Cuenca Jimenez, Jose Fernando"]
[Result "1-0"]
[WhiteElo "2163"]
[BlackElo "2045"]
[PlyCount "115"]
[EventDate "2005.09.27"]
[EventType "swiss"]
[EventRounds "9"]
[EventCountry "ESP"]
[SourceTitle "CBM 108 Extra"]
[Source "ChessBase"]
[SourceDate "2005.11.04"]
[SourceVersion "1"]
[SourceVersionDate "2005.11.04"]
[SourceQuality "1"]

1. e4 e6 2. d4 d5 3. Nd2 Nc6 4. Ngf3 Nf6 5. e5 Nd7 6. Bb5 a6 7. Bxc6 bxc6 8.
Nb3 c5 9. Bg5 Be7 10. Na5 Nb8 11. Bxe7 Qxe7 12. c3 O-O 13. O-O c4 14. b4 Ra7
15. Ne1 f6 16. exf6 gxf6 17. f4 Bb7 18. Nf3 Ba8 19. Qe2 Nd7 20. Rae1 Re8 21.
Qe3 c6 22. Re2 Rc7 23. Rfe1 Qd6 24. Nh4 Nf8 25. Nf5 Qd7 26. Qg3+ Kh8 27. Qh4
Qd8 28. Ng3 f5 29. Qh6 Rf7 30. Nh5 Qe7 31. g4 Qh4 32. gxf5 Qg4+ 33. Rg2 Qxf5
34. Rg5 Qc2 35. Nf6 Ng6 36. Nxe8 Qxc3 37. Rf1 Qe3+ 38. Kh1 Qe4+ 39. Rg2 Nxf4
40. Rxf4 Qxf4 41. Qxf4 Rxf4 42. Rg1 h5 43. Nc7 Rxd4 44. Nxa8 c3 45. Rc1 Rd3 46.
Nxc6 h4 47. Kg2 h3+ 48. Kf2 Rd2+ 49. Kg3 Rd3+ 50. Kf4 Rd2 51. Rxc3 Rxh2 52. Kg4
Rxa2 53. Rxh3+ Kg7 54. Nc7 Rc2 55. Nxe6+ Kf6 56. Rh6+ Kf7 57. Ned4 Ra2 58. Kf5
1-0

[Event "ESP-ch U18"]
[Site "Mondariz"]
[Date "2005.09.30"]
[Round "6"]
[White "Cuenca Jimenez, Jose Fernando"]
[Black "Alonso Fernandez, Marcos"]
[Result "1-0"]
[WhiteElo "2351"]
[BlackElo "2214"]
[PlyCount "100"]
[EventDate "2005.09.27"]
[EventType "swiss"]
[EventRounds "9"]
[EventCountry "ESP"]
[SourceTitle "CBM 108 Extra"]
[Source "ChessBase"]
[SourceDate "2005.11.04"]
[SourceVersion "1"]
[SourceVersionDate "2005.11.04"]
[SourceQuality "1"]

1. e4 c5 2. Nf3 e6 3. d4 cxd4 4. Nxd4 Nc6 5. Nc3 a6 6. Be3 Nf6 7. Bd3 Qc7 8.
O-O b5 9. Nxc6 Qxc6 10. f3 Bb7 11. Kh1 Bc5 12. Qe1 d6 13. Bxc5 Qxc5 14. a4 b4
15. Na2 a5 16. c3 bxc3 17. Bb5+ Ke7 18. Nxc3 Rhc8 19. Rd1 Kf8 20. Qg3 Rd8 21.
Rd2 Qe5 22. Qxe5 dxe5 23. Rxd8+ Rxd8 24. Rd1 Rxd1+ 25. Nxd1 Ne8 26. Nf2 f5 27.
Nd3 fxe4 28. fxe4 Bxe4 29. Nxe5 Nd6 30. Bd3 Bxd3 31. Nxd3 Ke7 32. Kg1 Ne4 33.
b4 axb4 34. Nxb4 Kd6 35. Nd3 Nc3 36. a5 Kc6 37. Kf2 Nd5 38. Kf3 Kb5 39. Nf4 Nc7
40. Ke4 Kxa5 41. Ke5 Kb4 42. Kd6 Kc4 43. Kxc7 e5 44. Ne2 Kd3 45. Ng3 Ke3 46.
Nf5+ Kf2 47. g4 e4 48. Kd6 g6 49. Nd4 Kg2 50. Ke5 Kxh2 1-0

[Event "ESP-ch U18"]
[Site "Mondariz"]
[Date "2005.10.01"]
[Round "7"]
[White "Claros Egea, Christian"]
[Black "Cuenca Jimenez, Jose Fernando"]
[Result "1/2-1/2"]
[WhiteElo "2210"]
[BlackElo "2351"]
[PlyCount "43"]
[EventDate "2005.09.27"]
[EventType "swiss"]
[EventRounds "9"]
[EventCountry "ESP"]
[SourceTitle "CBM 108 Extra"]
[Source "ChessBase"]
[SourceDate "2005.11.04"]
[SourceVersion "1"]
[SourceVersionDate "2005.11.04"]
[SourceQuality "1"]

1. e4 e6 2. d4 d5 3. Nc3 Nf6 4. Bg5 dxe4 5. Nxe4 Be7 6. Bxf6 gxf6 7. Nf3 a6 8.
g3 Nc6 9. Bg2 e5 10. d5 Nb4 11. Nc3 c6 12. dxc6 Qxd1+ 13. Rxd1 Nxc6 14. Nd5 Bd8
15. Nd2 O-O 16. Ne4 Kg7 17. Nd6 Bg4 18. Rd3 Rb8 19. c3 Be6 20. Be4 Ne7 21. Nxe7
Bxe7 22. Bf5 1/2-1/2